Culturas indígenas de Chile: un estudio preliminar

Spremljeno u:
Bibliografski detalji
Glavni autor: Grebe Vicuña, María Ester (Autor)
Format: Knjiga
Jezik:španjolski
Izdano: Santiago Pehuén 1998
Teme:
Oznake: Dodaj oznaku
Bez oznaka, Budi prvi tko označuje ovaj zapis!

MARC

LEADER 00000cam a2200000 a 4500
001 UCP5425
003 CL-VaPUC
008 990910e19980000CL |||||||||||||||||spa|d
020 |a 956160308X 
082 0 4 |a 305.8  |b GRE  |2 21 
100 0 |a Grebe Vicuña, María Ester  |e author  |9 433815 
245 1 0 |a Culturas indígenas de Chile: un estudio preliminar 
300 |a 112 p 
942 |c BK 
945 |d 19990910 00:00:00  |a rbrito 
260 |a Santiago  |b Pehuén  |c 1998 
600 0 7 |a PATAGONES  |2 CL-VaPUC  |9 433816 
600 0 |a mapuches  |9 362787 
600 0 7 |a AYMARAS  |2 CL-VaPUC  |9 433817 
600 0 7 |a ATACAMEÑOS  |2 CL-VaPUC  |9 433818 
600 0 7 |a PASCUENSES  |2 CL-VaPUC  |9 433819 
650 0 |a Antropología cultural   |9 269905 
650 0 |a Etnografía   |9 309735 
650 0 |a Indígenas  |9 317064 
650 0 |a Culturas indígenas  |9 266389 
651 7 |a CHILE  |2 CL-VaPUC  |9 433820 
583 |a last modification  |c 20120515 02:44:07  |k Rodrigo Vera 
999 |c 283175  |d 283173 
952 |0 0  |1 0  |4 0  |6 305_800000000000000_GRE_1998  |7 0  |8 A  |9 326027  |a BIBEDU  |b BIBEDU  |d 2019-11-20  |i 3537447  |o 305.8 GRE 1998  |p 3537447  |r 2019-11-20  |w 2019-11-20  |y BK  |k EDU 
952 |0 0  |1 0  |4 0  |6 305_800000000000000_GRE_1998  |7 0  |8 X  |9 326028  |a FDOMLP  |b FDOMLP  |d 2019-11-20  |i 4110722  |o 305.8 GRE 1998  |p 4110722  |r 2019-11-20  |w 2019-11-20  |y BK_X  |k BU2 
952 |0 0  |1 0  |4 0  |6 305_800000000000000_GRE_1998  |7 0  |8 X  |9 326029  |a FDOMLP  |b FDOMLP  |d 2019-11-20  |i 4110730  |o 305.8 GRE 1998  |p 4110730  |r 2019-11-20  |w 2019-11-20  |y BK_X  |k BU2 
952 |0 0  |1 0  |4 0  |6 305_800000000000000_GRE_1998  |7 0  |8 A  |9 326030  |a BIBHIS  |b BIBHIS  |d 2019-11-20  |i 4866630  |l 1  |o 305.8 GRE 1998  |p 4866630  |r 2025-01-20  |s 2023-11-21  |w 2019-11-20  |y BK  |k HIS